000 00728cab a2200217 4500
001 WB2337-26
008 090401t1987 xxu||||| |||| 00| 0 eng d
035 _a(Sirsi) u618
041 _aeng
245 _aFinancial services and the investment surveyor
260 _c1987
350 _a0
490 _aEstates Times
_vno 911, 11/9/87 p1
520 _aNotes the setting up of the Investment and Financial Services Group by the RICS for the benefit of investment surveyors in the face of increased competition from the financial services market.
650 _aFINANCIAL SERVICES ACT 1986
650 _aPROPERTY FUNDING
650 _aUNITISATION
690 _aPROPERTY LAW AND PRACTICE
942 _n0
948 _c04/03/1997
999 _c305
_d305